MERN quick start guide : build web applications with MongoDB, Express.js, React, and Node

Αποθηκεύτηκε σε:
Λεπτομέρειες βιβλιογραφικής εγγραφής
Κύριος συγγραφέας: Wilson, Eddy
Μορφή: Βιβλίο
Έκδοση: Packt
Ετικέτες: Προσθήκη ετικέτας
Δεν υπάρχουν, Καταχωρήστε ετικέτα πρώτοι!

MARC

LEADER 00000nam a2200000Ia 4500
005 20260515061617.0
100 |a Wilson, Eddy, 
020 |a 9781787281080 
942 |c BK 
245 |a MERN quick start guide : build web applications with MongoDB, Express.js, React, and Node  
260 |b Packt 
999 |c 67  |d 67 
952 |0 0  |1 0  |4 0  |7 0  |a ABDN  |b ABDN  |d 2026-05-15  |l 0  |p 000007  |r 2026-05-15 06:16:17  |w 2026-05-15  |y BK